000 00436nam a22001817a 4500
003 MPLRDC
005 20220104144331.0
008 210129b ||||| |||| 00| 0 eng d
020 _a7-5065-4272-2
082 _a599.6 CZQ
100 _a崔长琦主编
245 _a21世纪空袭与反空袭
_c
250 _a一版一刷
260 _a
_b解放军出版社
_c2002
300 _b
650 _a空防
942 _cBK
_o599.6 CZQ
999 _c48602
_d48592